| 000 | 01040nam a22003377a 4500 | ||
|---|---|---|---|
| 003 | CHAP | ||
| 005 | 20220329143504.0 | ||
| 008 | 100128s2007 mx r 00010 spa d | ||
| 010 | _a97414 | ||
| 011 | _a98386 | ||
| 035 | _a109071 | ||
| 040 | _cCHAP | ||
| 082 | 1 | 4 |
_a320.51 _bUr33 |
| 100 | 1 |
_aUribe Villegas, Rafael O. _9116954 |
|
| 245 | 1 | 0 |
_aLibertad solidarista : _bidentificadora de México _c/por Rafael O. Uribe Villegas |
| 260 |
_aMéxico, D.F. : _bUNAM, _c2007 |
||
| 300 | _a239 p. | ||
| 590 |
_aBATCH-UPD _b10 _c20130110 _lUCH01 _h1003 |
||
| 590 |
_aBATCH-UPD _b10 _c20130410 _lUCH01 _h0613 |
||
| 590 |
_aBATCH-UPD _b10 _c20130914 _lUCH01 _h1025 |
||
| 590 |
_aCONVERSION _b10 _c20130109 _lUCH01 _h1354 |
||
| 650 | 1 | 4 |
_aComunismo. _926257 |
| 650 | 1 | 4 |
_aConstitución. _927372 |
| 650 | 1 | 4 |
_aDemocracia. _931740 |
| 650 | 1 | 4 |
_aLiberalismo. _966620 |
| 650 | 1 | 4 |
_aLibertad. _966625 |
| 650 | 1 | 4 |
_aSocialismo. _9108040 |
| 901 | _aBK | ||
| 942 | _cLIBRO | ||
| 949 |
_a320.51 Ur33 _bBC _cLIBRO _d33724002129975 _eLIBRO _gI.c/e _h111711 _i109071 _sb |
||
| 999 |
_c97414 _d97414 |
||